[Event "Barcelona FM 08"]
[Site "Barcelona"]
[Date "2020.08.17"]
[Round "7"]
[White "Marches Rios, Joan Manuel"]
[Black "Moreno Oller, Victor"]
[Result "1/2-1/2"]
[WhiteElo "2079"]
[BlackElo "1975"]
[PlyCount "30"]
[EventDate "2020.08.11"]
[EventType "tourn"]
[EventRounds "9"]
[EventCountry "ESP"]
[SourceTitle "EXT 2021"]
[Source "ChessBase"]
[SourceDate "2020.10.23"]
[SourceVersion "1"]
[SourceVersionDate "2020.10.23"]
[SourceQuality "1"]

1. d4 d5 2. Nf3 Nf6 3. c4 e6 4. Nc3 Be7 5. Bg5 h6 6. Bh4 0-0 7. e3 b6 8. Rc1 Bb7 9. cxd5 Nxd5 10. Bxe7 Qxe7 11. Bd3 Re8 12. 0-0 Nb4 13. Bb1 c5 14. a3 cxd4 15. exd4 Nd5 1/2-1/2

[Event "Barcelona FM 08"]
[Site "Barcelona"]
[Date "2020.08.16"]
[Round "6"]
[White "Moreno Oller, Victor"]
[Black "Fernandez Aguilar, Francisco"]
[Result "0-1"]
[WhiteElo "1975"]
[BlackElo "2151"]
[PlyCount "76"]
[EventDate "2020.08.11"]
[EventType "tourn"]
[EventRounds "9"]
[EventCountry "ESP"]
[SourceTitle "EXT 2021"]
[Source "ChessBase"]
[SourceDate "2020.10.23"]
[SourceVersion "1"]
[SourceVersionDate "2020.10.23"]
[SourceQuality "1"]

1. d4 Nf6 2. c4 g6 3. Nc3 Bg7 4. e4 d6 5. h3 0-0 6. Be3 c5 7. Nf3 cxd4 8. Nxd4 a6 9. Be2 b6 10. 0-0 Bb7 11. Qc2 Nbd7 12. Rad1 Rc8 13. f4 e5 14. Nb3 Qc7 15. f5 b5 16. cxb5 axb5 17. Qb1 b4 18. Nb5 Bxe4 19. Qa1 Qb8 20. Nxd6 Rc2 21. Nxe4 Rxe2 22. Nxf6+ Nxf6 23. Bc5 Rc8 24. fxg6 hxg6 25. Qb1 Qc7 26. Rf2 Rxf2 27. Bxf2 Nh5 28. Nc5 Qe7 29. Rd7 Qg5 30. Qd1 Nf4 31. Qf3 Qf5 32. Qd1 Bf8 33. Rd8 Rxd8 34. Qxd8 Qb1+ 35. Kh2 Qf1 36. Qa8 Qxf2 37. Nd7 Ne6 38. Qe8 e4 0-1

[Event "Barcelona op"]
[Site "Barcelona"]
[Date "2020.07.15"]
[Round "5.3"]
[White "Gonzalez Alonso, Marti"]
[Black "Moreno Oller, Victor"]
[Result "0-1"]
[WhiteElo "2108"]
[BlackElo "2115"]
[PlyCount "66"]
[EventDate "2020.07.11"]
[EventType "swiss"]
[EventRounds "9"]
[EventCountry "ESP"]
[SourceTitle "EXT 2024"]
[Source "ChessBase"]
[SourceDate "2023.10.10"]
[SourceVersion "1"]
[SourceVersionDate "2023.10.10"]
[SourceQuality "1"]

1. e4 c5 2. c4 Nc6 3. Nc3 g6 4. g3 Bg7 5. Bg2 d6 6. d3 e6 7. Nge2 Nge7 8. Be3 0-0 9. 0-0 a6 10. d4 cxd4 11. Nxd4 Qc7 12. Rc1 Bd7 13. b3 Rfd8 14. Qd2 Nxd4 15. Bxd4 Bxd4 16. Qxd4 Qc5 17. Rfd1 Bc6 18. Qf6 Rd7 19. Rd4 Rad8 20. Rcd1 b5 21. Bf1 b4 22. Na4 Bxa4 23. bxa4 Nc6 24. R4d2 Ne5 25. Rd4 Rb8 26. Kg2 b3 27. axb3 Rxb3 28. Qg5 Rf3 29. Be2 Rxf2+ 30. Kxf2 Nd3+ 31. R1xd3 Qxg5 32. Rxd6 Rxd6 33. Rxd6 Qc5+ 0-1

[Event "Catalunya-chT Gp1"]
[Site "Barcelona"]
[Date "2020.02.15"]
[Round "5.10"]
[White "Campos Cayuelas, Adria"]
[Black "Moreno Oller, Victor"]
[Result "1/2-1/2"]
[WhiteElo "2163"]
[BlackElo "1952"]
[PlyCount "47"]
[EventDate "2020.01.18"]
[EventType "team-tourn"]
[EventRounds "7"]
[EventCountry "ESP"]
[SourceTitle "CBM 195 Extra"]
[Source "ChessBase"]
[SourceDate "2020.05.31"]
[SourceVersion "1"]
[SourceVersionDate "2020.05.31"]
[SourceQuality "1"]
[WhiteTeam "Colon Sabadell"]
[BlackTeam "Tres Peons"]
[WhiteTeamCountry "ESP"]
[BlackTeamCountry "ESP"]

1. e4 c5 2. Nc3 Nc6 3. Bb5 Nd4 4. Nf3 a6 5. Bc4 e6 6. Nxd4 cxd4 7. Ne2 Bc5 8. d3 Ne7 9. 0-0 0-0 10. Bg5 h6 11. Bd2 d5 12. exd5 Nxd5 13. Re1 Nf6 14. Ng3 b5 15. Bb3 Bb7 16. Nh5 Be7 17. Bf4 Nxh5 18. Qxh5 Bf6 19. Be5 Rc8 20. Re2 Rc5 21. Bxf6 Rxh5 22. Bxd8 Rxd8 23. Rae1 Rc8 24. Re5 1/2-1/2

[Event "Foment Martinenc op-A 21st"]
[Site "Barcelona"]
[Date "2019.06.01"]
[Round "6"]
[White "Brunet Gil, Pol"]
[Black "Moreno Oller, Victor"]
[Result "1-0"]
[WhiteElo "2017"]
[BlackElo "1784"]
[PlyCount "117"]
[EventDate "2019.04.27"]
[EventType "swiss"]
[EventRounds "9"]
[EventCountry "ESP"]
[SourceTitle "EXT 2020"]
[Source "ChessBase"]
[SourceDate "2019.10.17"]
[SourceVersion "1"]
[SourceVersionDate "2019.10.17"]
[SourceQuality "1"]

1. e4 c5 2. Nf3 Nc6 3. d4 cxd4 4. Nxd4 Nf6 5. Nc3 d6 6. Bg5 Bd7 7. Qd2 Rc8 8. 0-0-0 Nxd4 9. Qxd4 Qa5 10. Bxf6 gxf6 11. Kb1 Qc5 12. Qd2 Bg7 13. f4 Bc6 14. f5 h5 15. Qe2 a6 16. Qf3 b5 17. Bd3 b4 18. Nd5 a5 19. Nf4 a4 20. Nxh5 Bh6 21. Nf4 a3 22. Nd5 Qd4 23. c3 bxc3 24. Bc2 Qc4 25. b3 Qc5 26. Qxc3 Bxd5 27. Qxc5 Rxc5 28. Rxd5 Rxd5 29. exd5 Rg8 30. Be4 Rg4 31. Re1 Bd2 32. Re2 Rf4 33. Kc2 Bb4 34. Kd3 Bc5 35. Kc4 e6 36. g3 Rg4 37. Kb5 e5 38. Ka4 Bg1 39. Kxa3 Bxh2 40. Rxh2 Rxe4 41. b4 Rd4 42. b5 e4 43. Re2 Kd7 44. Kb3 Rxd5 45. Kc4 Rc5+ 46. Kb4 Re5 47. a4 Kc7 48. Re3 Kb6 49. g4 Kb7 50. Kc4 Kb6 51. Kd4 d5 52. Rb3 Re7 53. Kxd5 e3 54. Rb1 e2 55. Re1 Ka5 56. Kc6 Kxa4 57. b6 Kb3 58. b7 Re8 59. Rxe2 1-0

[Event "Catalunya-chT GpB final"]
[Site "Barcelona"]
[Date "2019.03.16"]
[Round "2.10"]
[White "Parals Marce, Luis"]
[Black "Moreno Oller, Victor"]
[Result "1-0"]
[WhiteElo "2025"]
[BlackElo "1726"]
[PlyCount "75"]
[EventDate "2019.03.09"]
[EventType "team-tourn"]
[EventRounds "4"]
[EventCountry "ESP"]
[SourceTitle "EXT 2020"]
[Source "ChessBase"]
[SourceDate "2019.10.17"]
[SourceVersion "1"]
[SourceVersionDate "2019.10.17"]
[SourceQuality "1"]
[WhiteTeam "Figueres"]
[BlackTeam "Tres Peons"]
[WhiteTeamCountry "ESP"]
[BlackTeamCountry "ESP"]

1. Nf3 Nf6 2. c4 g6 3. b4 Bg7 4. Bb2 0-0 5. g3 d6 6. Bg2 e5 7. d3 Nh5 8. Nc3 f5 9. e3 Be6 10. Nd2 c6 11. 0-0 Nf6 12. b5 Qc7 13. Qa4 c5 14. Nd5 Nxd5 15. cxd5 Bd7 16. Qb3 Be8 17. Nc4 Nd7 18. Rac1 Nb6 19. a4 Nxc4 20. Rxc4 Qb6 21. d4 cxd4 22. exd4 e4 23. Rfc1 Bf7 24. Rc7 Bxd4 25. Bxd4 Qxd4 26. Rd1 Qb6 27. Qc3 Rae8 28. Re1 Re5 29. Bf1 Rxd5 30. a5 Qd4 31. Qxd4 Rxd4 32. Rxb7 Ra8 33. Rc1 Ra4 34. Rcc7 Bd5 35. Rxa7 Rxa5 36. Rxa5 Rxa5 37. b6 Rc5 38. Bc4 1-0

[Event "Catalunya-chT Gp2"]
[Site "Barcelona"]
[Date "2019.02.16"]
[Round "5.10"]
[White "Moreno Oller, Victor"]
[Black "Avila Jimenez, Xavier"]
[Result "0-1"]
[WhiteElo "1760"]
[BlackElo "2159"]
[PlyCount "40"]
[EventDate "2019.01.19"]
[EventType "team-tourn"]
[EventRounds "7"]
[EventCountry "ESP"]
[SourceTitle "CBM 189 Extra"]
[Source "ChessBase"]
[SourceDate "2019.05.31"]
[SourceVersion "1"]
[SourceVersionDate "2019.05.31"]
[SourceQuality "1"]
[WhiteTeam "Tres Peons"]
[BlackTeam "Barcelona Escola Escacs"]
[WhiteTeamCountry "ESP"]
[BlackTeamCountry "ESP"]

1. d4 d5 2. c4 Nc6 3. e3 e5 4. dxe5 d4 5. Ne2 Bb4+ 6. Bd2 dxe3 7. fxe3 Nxe5 8. Ng3 Bxd2+ 9. Nxd2 Nf6 10. Nde4 Qe7 11. Be2 Nxe4 12. Nxe4 0-0 13. 0-0 Nc6 14. Bf3 Be6 15. Rc1 Ne5 16. Be2 Rad8 17. Qc2 f5 18. Nd2 Qc5 19. Qc3 Nd3 20. Bxd3 Qxe3+ 0-1

[Event "Barcelona Christmas A"]
[Site "Barcelona"]
[Date "2019.01.02"]
[Round "6.1"]
[White "Moreno Oller, Victor"]
[Black "Sagar, Siya"]
[Result "1/2-1/2"]
[WhiteElo "1810"]
[BlackElo "1502"]
[PlyCount "47"]
[EventDate "2018.12.27"]
[EventType "swiss"]
[EventRounds "9"]
[EventCountry "ESP"]
[SourceTitle "EXT 2024"]
[Source "ChessBase"]
[SourceDate "2023.10.10"]
[SourceVersion "1"]
[SourceVersionDate "2023.10.10"]
[SourceQuality "1"]

1. d4 Nf6 2. c4 g6 3. g3 d5 4. cxd5 Nxd5 5. Bg2 Bg7 6. Nf3 Nb6 7. Nc3 0-0 8. 0-0 Nc6 9. e3 Bf5 10. Ne1 Qc8 11. b3 Bh3 12. Ba3 Bxg2 13. Nxg2 Rd8 14. Rc1 e6 15. Qf3 Nd5 16. Nxd5 Rxd5 17. Bc5 Qe8 18. Rfd1 Rad8 19. Nf4 R5d7 20. Ba3 e5 21. dxe5 Nxe5 22. Qe2 Rxd1+ 23. Rxd1 Rxd1+ 24. Qxd1 1/2-1/2

[Event "Barcelona Christmas A"]
[Site "Barcelona"]
[Date "2018.12.30"]
[Round "4.1"]
[White "Moreno Oller, Victor"]
[Black "Anjali, R Sagar"]
[Result "0-1"]
[WhiteElo "1810"]
[BlackElo "1777"]
[PlyCount "50"]
[EventDate "2018.12.27"]
[EventType "swiss"]
[EventRounds "9"]
[EventCountry "ESP"]
[SourceTitle "EXT 2024"]
[Source "ChessBase"]
[SourceDate "2023.10.10"]
[SourceVersion "1"]
[SourceVersionDate "2023.10.10"]
[SourceQuality "1"]

1. d4 Nf6 2. c4 g6 3. g3 d5 4. cxd5 Qxd5 5. Nf3 c5 6. Nc3 Qd8 7. dxc5 Qxd1+ 8. Nxd1 Na6 9. c6 Nb4 10. cxb7 Bxb7 11. Ne3 Ng4 12. Nxg4 Nc2+ 13. Kd1 Nxa1 14. Bd2 Bg7 15. Kc1 Be4 16. Rg1 Rc8+ 17. Bc3 Bxc3 18. bxc3 0-0 19. Kb2 Rb8+ 20. Kc1 Rfc8 21. Nd2 Rxc3+ 22. Kd1 Bc2+ 23. Ke1 Bf5 24. Nh6+ Kf8 25. Nxf5 Rc1# 0-1

[Event "Barcelona Sant Marti op-B 19th"]
[Site "Barcelona"]
[Date "2017.07.21"]
[Round "9"]
[White "Lozano Ruiz, David"]
[Black "Moreno Oller, Victor"]
[Result "1/2-1/2"]
[WhiteElo "1844"]
[BlackElo "1730"]
[PlyCount "35"]
[EventDate "2017.07.13"]
[EventType "swiss"]
[EventRounds "9"]
[EventCountry "ESP"]
[SourceTitle "EXT 2018"]
[Source "ChessBase"]
[SourceDate "2017.10.13"]
[SourceVersion "1"]
[SourceVersionDate "2017.10.13"]
[SourceQuality "1"]

1. c4 e5 2. g3 g6 3. Bg2 Bg7 4. Nc3 Nc6 5. e4 d6 6. Nge2 Nge7 7. d3 0-0 8. 0-0 f5 9. Nd5 h6 10. Be3 Nb8 11. Qd2 Kh7 12. d4 c6 13. Nxe7 Qxe7 14. Rac1 fxe4 15. Bxe4 exd4 16. Qd3 dxe3 17. Bxg6+ Kh8 18. fxe3 1/2-1/2

[Event "Barcelona Sant Marti op-B 19th"]
[Site "Barcelona"]
[Date "2017.07.14"]
[Round "2"]
[White "Mota, Pankit"]
[Black "Moreno Oller, Victor"]
[Result "1-0"]
[WhiteElo "1859"]
[BlackElo "1730"]
[PlyCount "51"]
[EventDate "2017.07.13"]
[EventType "swiss"]
[EventRounds "9"]
[EventCountry "ESP"]
[SourceTitle "EXT 2018"]
[Source "ChessBase"]
[SourceDate "2017.10.13"]
[SourceVersion "1"]
[SourceVersionDate "2017.10.13"]
[SourceQuality "1"]

1. e4 c5 2. c3 d5 3. exd5 Qxd5 4. d4 Nc6 5. Nf3 Bf5 6. Be3 Nf6 7. Na3 e6 8. Qa4 cxd4 9. Nxd4 Bxa3 10. Qxa3 Nxd4 11. Bxd4 a6 12. Be2 h5 13. Rd1 Qc6 14. Bf3 Be4 15. Bxf6 gxf6 16. Rd6 Bxf3 17. Rxc6 Bxc6 18. f3 Rg8 19. 0-0 Rd8 20. h3 e5 21. Qb4 Bb5 22. Rf2 Bc6 23. Qh4 Rg5 24. Kh2 Kf8 25. f4 exf4 26. Qxf4 1-0

[Event "Barcelona Tres Peons-A 46th"]
[Site "Barcelona"]
[Date "2017.06.02"]
[Round "7.1"]
[White "Moreno Oller, Victor"]
[Black "Clanchet Olle, Josep"]
[Result "1-0"]
[WhiteElo "1730"]
[BlackElo "1693"]
[PlyCount "67"]
[EventDate "2017.04.21"]
[EventType "swiss"]
[EventRounds "9"]
[EventCountry "ESP"]
[SourceTitle "EXT 2024"]
[Source "ChessBase"]
[SourceDate "2023.10.10"]
[SourceVersion "1"]
[SourceVersionDate "2023.10.10"]
[SourceQuality "1"]

1. d4 d5 2. c4 c6 3. cxd5 cxd5 4. Nc3 Nf6 5. Nf3 Nc6 6. Bf4 e6 7. e3 Bd6 8. Bxd6 Qxd6 9. Be2 0-0 10. 0-0 Bd7 11. Rc1 Na5 12. Ne5 Rfc8 13. b3 Ne4 14. Nxe4 dxe4 15. Qd2 Nc6 16. Nc4 Qe7 17. Rfd1 b5 18. Ne5 Nxe5 19. dxe5 Rxc1 20. Rxc1 Be8 21. Qa5 Qd8 22. Qb4 a5 23. Qxe4 Rc8 24. Rd1 Qc7 25. h3 Bc6 26. Qd4 g6 27. h4 Qb7 28. h5 Bxg2 29. h6 Qd5 30. Qh4 Qc5 31. Rd8+ Rxd8 32. Qxd8+ Qf8 33. Qxf8+ Kxf8 34. Kxg2 1-0

[Event "Sant Adria de Besos op 13th"]
[Site "Sant Adria de Besos"]
[Date "2017.05.21"]
[Round "5"]
[White "Cruz, Jefferson"]
[Black "Moreno Oller, Victor"]
[Result "1-0"]
[WhiteElo "2109"]
[BlackElo "1925"]
[PlyCount "49"]
[EventDate "2017.04.23"]
[EventType "swiss"]
[EventRounds "9"]
[EventCountry "ESP"]
[SourceTitle "EXT 2018"]
[Source "ChessBase"]
[SourceDate "2017.10.13"]
[SourceVersion "1"]
[SourceVersionDate "2017.10.13"]
[SourceQuality "1"]

1. d4 Nf6 2. c4 g6 3. Nc3 Bg7 4. e4 d6 5. Nf3 0-0 6. Be2 Bg4 7. Be3 Nfd7 8. Rc1 e5 9. d5 Bxf3 10. Bxf3 f5 11. 0-0 Nf6 12. exf5 gxf5 13. g3 Qd7 14. c5 e4 15. Be2 Ng4 16. Bxg4 fxg4 17. Nxe4 Re8 18. Ng5 b6 19. Ne6 bxc5 20. Qxg4 Kh8 21. b4 Rg8 22. Ng5 Qe7 23. Qh5 Bf6 24. Nf7+ Kg7 25. Bh6# 1-0

[Event "Igualada op 12th"]
[Site "Igualada"]
[Date "2017.01.21"]
[Round "2"]
[White "Moreno Oller, Victor"]
[Black "Claramunt Junjent, Maria"]
[Result "1-0"]
[WhiteElo "1651"]
[BlackElo "1220"]
[PlyCount "63"]
[EventDate "2017.01.14"]
[EventType "swiss"]
[EventRounds "8"]
[EventCountry "ESP"]
[SourceTitle "EXT 2018"]
[Source "ChessBase"]
[SourceDate "2017.10.13"]
[SourceVersion "1"]
[SourceVersionDate "2017.10.13"]
[SourceQuality "1"]

1. d4 d5 2. Nf3 e6 3. g3 Nf6 4. Bg2 Bd6 5. 0-0 0-0 6. c4 c6 7. Qc2 Be7 8. Rd1 b6 9. Bf4 Nbd7 10. Nbd2 Bb7 11. Ne5 Qc8 12. e4 Rd8 13. Re1 dxe4 14. Nxe4 Nxe4 15. Bxe4 Nf6 16. Rad1 h6 17. Bg2 Bb4 18. Re2 Bd6 19. Bh3 a5 20. Nxf7 Bxf4 21. Nxd8 Qxd8 22. Bxe6+ Kh8 23. gxf4 Ba6 24. b3 Qd6 25. Qf5 Re8 26. Re5 Rf8 27. Qg6 Re8 28. Bf5 Rf8 29. Re6 Qxf4 30. Rxf6 Qg5+ 31. Qxg5 hxg5 32. Rxf8# 1-0

[Event "Mataro Maresme op-A 13th"]
[Site "Mataro"]
[Date "2016.11.19"]
[Round "7"]
[White "Colome Rovira, Oscar"]
[Black "Moreno Oller, Victor"]
[Result "1-0"]
[WhiteElo "1909"]
[BlackElo "1593"]
[PlyCount "55"]
[EventDate "2016.10.08"]
[EventType "swiss"]
[EventRounds "9"]
[EventCountry "ESP"]
[SourceTitle "EXT 2018"]
[Source "ChessBase"]
[SourceDate "2017.10.13"]
[SourceVersion "1"]
[SourceVersionDate "2017.10.13"]
[SourceQuality "1"]

1. d4 Nf6 2. Nf3 g6 3. Bf4 Bg7 4. e3 d6 5. c4 0-0 6. Be2 Nbd7 7. 0-0 b6 8. Nc3 Bb7 9. h3 Qe8 10. Nb5 Rc8 11. Nxa7 Ra8 12. Nb5 Rc8 13. Na7 Ra8 14. Nb5 Rc8 15. a4 e5 16. dxe5 dxe5 17. Bh2 Ne4 18. Qc2 f5 19. Rfd1 Nec5 20. b4 Na6 21. Rab1 Be4 22. Bd3 Bxd3 23. Qxd3 Rd8 24. Qd5+ Kh8 25. Ng5 Ndb8 26. Qxd8 Qxd8 27. Rxd8 Rxd8 28. Nf7+ 1-0

[Event "Mataro Maresme op-A 13th"]
[Site "Mataro"]
[Date "2016.11.05"]
[Round "5"]
[White "Moreno Oller, Victor"]
[Black "Sal Enriquez, Carles"]
[Result "1/2-1/2"]
[WhiteElo "1593"]
[BlackElo "2036"]
[PlyCount "83"]
[EventDate "2016.10.08"]
[EventType "swiss"]
[EventRounds "9"]
[EventCountry "ESP"]
[SourceTitle "EXT 2018"]
[Source "ChessBase"]
[SourceDate "2017.10.13"]
[SourceVersion "1"]
[SourceVersionDate "2017.10.13"]
[SourceQuality "1"]

1. Nf3 d6 2. g3 Nf6 3. Bg2 e5 4. d3 Be7 5. 0-0 0-0 6. e4 Nbd7 7. Re1 c6 8. Nbd2 Re8 9. d4 b6 10. Nc4 Qc7 11. Bd2 a6 12. h3 Bb7 13. Nh4 d5 14. Ne3 g6 15. Ng4 Rad8 16. Nh6+ Kg7 17. Qc1 Ng8 18. Nxg8 Kxg8 19. Nf3 f6 20. Nh2 Nf8 21. Ng4 Bc8 22. Ne3 Be6 23. Qd1 dxe4 24. Bxe4 Qd7 25. Qf3 Rc8 26. g4 Bf7 27. Qe2 Ne6 28. Nc4 Nxd4 29. Qf1 Qc7 30. Ne3 Be6 31. Rab1 f5 32. gxf5 gxf5 33. Bg2 f4 34. Ng4 Bxg4 35. hxg4 Nxc2 36. Rec1 Nd4 37. Bd5+ Kh8 38. Bc3 Qd7 39. Bxd4 exd4 40. Bf3 c5 41. Qh3 Rg8 42. Be4 1/2-1/2

[Event "Barcelona Sant Marti op-B 18th"]
[Site "Barcelona"]
[Date "2016.07.19"]
[Round "7.25"]
[White "Abarca Garcia, Xavier"]
[Black "Moreno Oller, Victor"]
[Result "1-0"]
[WhiteElo "1864"]
[BlackElo "1380"]
[PlyCount "57"]
[EventDate "2016.07.13"]
[EventType "swiss"]
[EventRounds "9"]
[EventCountry "ESP"]
[SourceTitle "EXT 2024"]
[Source "ChessBase"]
[SourceDate "2023.10.10"]
[SourceVersion "1"]
[SourceVersionDate "2023.10.10"]
[SourceQuality "1"]

1. d4 Nf6 2. c4 g6 3. Nc3 Bg7 4. e4 d6 5. h3 0-0 6. Bg5 h6 7. Be3 e5 8. d5 Nbd7 9. Nf3 Nc5 10. Nd2 a5 11. g4 h5 12. Be2 hxg4 13. hxg4 Bd7 14. f3 Nh7 15. Qc2 f5 16. gxf5 gxf5 17. 0-0-0 fxe4 18. fxe4 Nf6 19. Rdg1 Qe8 20. Qd1 Qe7 21. Kc2 Na4 22. Bh6 Nxc3 23. Kxc3 Rf7 24. Rxg7+ Rxg7 25. Bxg7 Kxg7 26. Qg1+ Kf7 27. Bh5+ Nxh5 28. Rxh5 Qf6 29. Rh7+ 1-0

[Event "Barcelona Sant Marti op-B 18th"]
[Site "Barcelona"]
[Date "2016.07.18"]
[Round "6.31"]
[White "Moreno Oller, Victor"]
[Black "Quero Ortega, Juan"]
[Result "1/2-1/2"]
[WhiteElo "1380"]
[BlackElo "1805"]
[PlyCount "73"]
[EventDate "2016.07.13"]
[EventType "swiss"]
[EventRounds "9"]
[EventCountry "ESP"]
[SourceTitle "EXT 2024"]
[Source "ChessBase"]
[SourceDate "2023.10.10"]
[SourceVersion "1"]
[SourceVersionDate "2023.10.10"]
[SourceQuality "1"]

1. Nf3 g6 2. g3 Bg7 3. Bg2 Nf6 4. 0-0 0-0 5. d3 d6 6. e4 e5 7. Nc3 c6 8. Ne2 Nbd7 9. a3 Nc5 10. b4 Ne6 11. Bb2 Bd7 12. c4 c5 13. Rc1 b6 14. Nd2 Rc8 15. b5 h5 16. h4 Ng4 17. Qa4 Ra8 18. Qb3 Bh6 19. Rcd1 Bxd2 20. Rxd2 Nf4 21. Nxf4 exf4 22. Qc3 f6 23. gxf4 Rc8 24. e5 fxe5 25. fxe5 Qxh4 26. Bd5+ Kh7 27. f3 Nxe5 28. Rh2 Qd4+ 29. Qxd4 cxd4 30. Bxd4 Nxd3 31. Be4 Bf5 32. Bd5 Nf4 33. Re1 Rce8 34. Rxe8 Rxe8 35. Bf6 Nh3+ 36. Kg2 Nf4+ 37. Kg3 1/2-1/2